000 00257nam a2200109Ia 4500
008 220216s9999 xx 000 0 und d
100 _aSasidharan K K
245 0 _aRubberum medical uthpannangalum
260 _bRubber
_c2007
300 _a24-25
942 _cBS
999 _c51402
_d51402